صور من حياة الرسول / (Record no. 15961)
[ view plain ]
| 000 -الفاتح | |
|---|---|
| حقل البيانات ثابتة الطول | 00764nam a22001937a 4500 |
| 008 - عناصر البيانات ثابتة الطول - معلومات عامة | |
| حقل البيانات ثابتة الطول | 110906s1958 ua|||||r|||| 00| 0 ara d |
| 082 ## - رقم تصنيف ديوى العشرى | |
| رقم الطبعة | 22 |
| رقم التصنيف | 239 |
| رقم المادة | د و ي |
| 100 ## - المدخل الرئيسى - إسم شخصى | |
| 9 (RLIN) | 27033 |
| الإسم الشخصى | دويدار، أمين |
| 245 ## - بيان العنوان | |
| العنوان | صور من حياة الرسول / |
| بيان المسئوليه,etc | أمين دويدار |
| 260 ## - PUBLICATION, DISTRIBUTION, ETC. (IMPRINT) | |
| مكان الناشر او الموزع | [الإسكندرية] : |
| اسم الناشر او الموزع | دار المعارف، 1958 |
| تاريخ النشر أو التوزيع | 1958 |
| 300 ## - الوصف المادى | |
| التعداد | 631 ص ؛ |
| أبعاد الوعاء | 24 سم |
| 650 ## - المدخل الاضافى بالموضوع-مصطلح موضوعى | |
| 9 (RLIN) | 8737 |
| مصطلح موضوعي أو اسم جغرافي كعنصر مدخل | غزوات النبى |
| 650 ## - المدخل الاضافى بالموضوع-مصطلح موضوعى | |
| 9 (RLIN) | 13450 |
| مصطلح موضوعي أو اسم جغرافي كعنصر مدخل | السيرة النبوية |
| 650 ## - المدخل الاضافى بالموضوع-مصطلح موضوعى | |
| 9 (RLIN) | 22340 |
| مصطلح موضوعي أو اسم جغرافي كعنصر مدخل | الإسراء والمعراج |
| 650 ## - المدخل الاضافى بالموضوع-مصطلح موضوعى | |
| 9 (RLIN) | 27034 |
| مصطلح موضوعي أو اسم جغرافي كعنصر مدخل | المهاجرون والأنصار |
| 653 ## - مصطلح تكشيفى غير مقيد | |
| Resource For college | |
| 942 ## - عناصر المدخل الإضافي( كوها) | |
| مصدر التصنيف او مخطط الترفيف | Dewey Decimal Classification |
| Koha [default] item type | Book - Borrowing |
| حالة التراجع | حالة الفقد | مصدر التصنيف او خطة الترفيف | حالة تلف | ليس للاعارة | مجموعات كوها | المكان الدائم | المكان الحالي | موقع الترفيف | تاريخ الاكتساب | Source of acquisition | رقم الاستدعاء | الباركود | Date last seen | مُعار | نوع الوعاء |
|---|---|---|---|---|---|---|---|---|---|---|---|---|---|---|---|
| Dewey Decimal Classification | Alef-Baa | Central Library | Central Library | Lower Floor | 06/09/2011 | 239 د و ي | 000024665 | 30/10/2025 | 12/10/2025 | Book - Borrowing |